ARRUPE JESUIT UNIVERSITY

CORONAVIRUS -STOP THE SPREAD - CLEAN,DISINFECT,COVER

An introduction to the WTO agreements / (Record no. 129950)

MARC details
000 -LEADER
fixed length control field 01689pam a2200385 a 4500
001 - CONTROL NUMBER
control field 3559309
003 - CONTROL NUMBER IDENTIFIER
control field ARRUPE
005 - DATE AND TIME OF LATEST TRANSACTION
control field 20191017112051.0
008 - FIXED-LENGTH DATA ELEMENTS--GENERAL INFORMATION
fixed length control field 980129s1998 enk b 001 0 eng
010 ## - LIBRARY OF CONGRESS CONTROL NUMBER
LC control number 98009746
020 ## - INTERNATIONAL STANDARD BOOK NUMBER
International Standard Book Number 1856495817 (hardcover)
020 ## - INTERNATIONAL STANDARD BOOK NUMBER
International Standard Book Number 1856495825 (pbk.)
040 ## - CATALOGING SOURCE
Original cataloging agency DLC
Transcribing agency DLC
Modifying agency DLC
043 ## - GEOGRAPHIC AREA CODE
Geographic area code d------
050 00 - LIBRARY OF CONGRESS CALL NUMBER
Classification number K4602.2
Item number 1998
082 00 - DEWEY DECIMAL CLASSIFICATION NUMBER
Classification number 382
Edition number 21
300 ## - PHYSICAL DESCRIPTION
Dimensions 25 cm.
100 1# - MAIN ENTRY--PERSONAL NAME
Personal name Das, Bhagirath Lal.
9 (RLIN) 48446
245 13 - TITLE STATEMENT
Title An introduction to the WTO agreements /
Statement of responsibility, etc Bhagirath Lal Das.
246 3# - VARYING FORM OF TITLE
Title proper/short title Introduction to the World Trade Organisation agreements
260 ## - PUBLICATION, DISTRIBUTION, ETC. (IMPRINT)
Place of publication, distribution, etc London ;
-- New York :
Name of publisher, distributor, etc Zed Books ;
Place of publication, distribution, etc Penang, Malaysia :
Name of publisher, distributor, etc Third World Network,
Date of publication, distribution, etc c1998.
300 ## - PHYSICAL DESCRIPTION
Extent xii, 138 p. ;
610 20 - SUBJECT ADDED ENTRY--CORPORATE NAME
Corporate name or jurisdiction name as entry element General Agreement on Tariffs and Trade (Organization)
9 (RLIN) 48447
610 20 - SUBJECT ADDED ENTRY--CORPORATE NAME
Corporate name or jurisdiction name as entry element World Trade Organization.
9 (RLIN) 48328
650 #0 - SUBJECT ADDED ENTRY--TOPICAL TERM
Topical term or geographic name as entry element Foreign trade regulation.
General subdivision Developing countries
9 (RLIN) 48448
650 #0 - SUBJECT ADDED ENTRY--TOPICAL TERM
Topical term or geographic name as entry element Tariff
General subdivision Law and legislation.
9 (RLIN) 48449
650 #0 - SUBJECT ADDED ENTRY--TOPICAL TERM
Topical term or geographic name as entry element Free trade
Geographic subdivision Developing countries.
9 (RLIN) 48450
650 #0 - SUBJECT ADDED ENTRY--TOPICAL TERM
Topical term or geographic name as entry element Competition, Unfair
Geographic subdivision Developing countries.
9 (RLIN) 48451
856 42 - ELECTRONIC LOCATION AND ACCESS
Materials specified Contributor biographical information
Uniform Resource Identifier <a href="http://www.loc.gov/catdir/bios/hol059/98009746.html">http://www.loc.gov/catdir/bios/hol059/98009746.html</a>
856 42 - ELECTRONIC LOCATION AND ACCESS
Materials specified Publisher description
Uniform Resource Identifier <a href="http://www.loc.gov/catdir/description/hol056/98009746.html">http://www.loc.gov/catdir/description/hol056/98009746.html</a>
856 41 - ELECTRONIC LOCATION AND ACCESS
Materials specified Table of contents
Uniform Resource Identifier <a href="http://www.loc.gov/catdir/toc/hol052/98009746.html">http://www.loc.gov/catdir/toc/hol052/98009746.html</a>
906 ## - LOCAL DATA ELEMENT F, LDF (RLIN)
a 7
b cbc
c orignew
d 1
e ocip
f 19
g y-gencatlg
942 ## - ADDED ENTRY ELEMENTS (KOHA)
Source of classification or shelving scheme Library of Congress Classification
Koha item type Monograph ( Printed materials)
Holdings
Withdrawn status Lost status Source of classification or shelving scheme Damaged status Not for loan Collection code Home library Current library Shelving location Date acquired Total Checkouts Full call number Barcode Date last seen Price effective from Koha item type
    Library of Congress Classification     Main Collection ARRUPE LIBRARY ARRUPE LIBRARY Main Collection 17/10/2019   K4602.2 1998 46600005586 17/10/2019 17/10/2019 Monograph ( Printed materials)

 

Arrupe Library. PO Box MP320 Mt Pleasant, Harare, Zimbabwe
263 242 745411|librarian@aju.ac.zw